Experiències Parc a Taula : endinsa't a viure la gastronomia, a conèixer els productors que viuen i produeixen dins de la Xarxa de Parcs Naturals endinsa't a viure la gastronomia, a conèixer els productors que viuen i produeixen dins de la Xarxa de Parcs Naturals
Descripción Física:
35 pàgines : il·lustracions ; 21 cm
Materias:
Parc a taula
; Barcelona (Catalunya : Província). -- Xarxa de Parcs Naturals -- Activitats culturals
; Turisme gastronòmic
; Parcs Naturals -- Barcelona (Catalunya : Província) -- Activitats culturals
Idioma:
Catalán
MARC
| LEADER | 00000nam a22000007a 4500 | ||
|---|---|---|---|
| 001 | 25951 | ||
| 008 | 220615b spa||||| |||| 00| 0 cat d | ||
| 017 | |a DL B 24125-2019 | ||
| 080 | |a FU-70-71 | ||
| 245 | |a Experiències Parc a Taula : |b endinsa't a viure la gastronomia, a conèixer els productors que viuen i produeixen dins de la Xarxa de Parcs Naturals | ||
| 260 | |a Barcelona : |b Diputació de Barcelona. Xarxa de Parcs Naturals, |c 2019 | ||
| 300 | |a 35 pàgines : |b il·lustracions ; |c 21 cm | ||
| 610 | 2 | 0 | |9 53465 |a Parc a taula |
| 610 | 1 | 0 | |a Barcelona (Catalunya : Província). |b Xarxa de Parcs Naturals |x Activitats culturals |9 52895 |
| 650 | 0 | |9 44953 |a Turisme gastronòmic | |
| 650 | 0 | |a Parcs Naturals |z Barcelona (Catalunya : Província) |x Activitats culturals |9 50143 | |
| 710 | 1 | |9 7250 |a Barcelona (Catalunya : Província). |b Xarxa de Parcs Naturals | |
| 942 | |2 udc |c ARXIU |n 1 | ||
| 952 | |0 0 |1 0 |4 0 |6 FU7071 |7 1 |9 62416 |a Arxiu |b Arxiu |d 2022-06-15 |l 0 |o FU-70-71 |p 25951 |r 2022-06-15 00:00:00 |w 2022-06-15 |y ARXIU | ||
| 999 | |c 82057 |d 82057 | ||